Bordering Countries by Democracy Index Difference - Statistics

General Stats
  • This quiz has been taken 1,631 times
    170 since last reset
  • The average score is 20 of 23
Answer Stats
Country % Correct
China
98%
Russia
98%
Finland
97%
India
97%
Latvia
97%
Lithuania
97%
Norway
97%
Estonia
96%
Poland
96%
Belarus
95%
North Korea
95%
South Korea
95%
Myanmar
94%
Thailand
94%
Laos
93%
Israel
91%
Mongolia
90%
Syria
90%
Egypt
89%
South Africa
73%
Eswatini
71%
Costa Rica
50%
Nicaragua
50%
No matching quizzes found
Score Distribution
Percent of People with Each Score
Percentile by Number Answered
Your Score History
You have not taken this quiz since the last reset